000 00628nam a2200205 4500
005 20241028113238.0
010 _aENG-142472
020 _c200.00
_a9789380335094
035 _aEN-126004
037 _bDBAD
082 _a215.0954
100 _aRajagopalchari, Parthasarathi
_973535
245 _aCall of Spirituality/
_bParthasarathi Rajagopalachari
250 _aFirst
260 _bSpritiual Hierarchy Publication Trust
_c2010
_aKolkata
270 _aNorth Block, 2/3, Judges Court Road
_bKolkata
_e700027
300 _a201p.
_c22cm(pb)
490 _aVolume 1
942 _2ddc
_cEN
_h215.0954
_mRAJ
_e2010
999 _c206790
_d206790